French Touch #2 - Statistiques

Statistiques générales
  • Ce quiz a été pris 7 fois
  • Le résultat moyen est 9 sur 15
Statistiques - réponses
Hint Réponse % Correct
3ème album de Daft Punk Human After All
100%
Film d'animation de l'album Discovery Interstella 5555
75%
Waters of ... Nazareth
75%
Quel album de Daft Punk a été sacré "Meilleur Album de l'Année" ? Random Access Memories
75%
Nom du Daft Punk argenté Thomas Bangalter
75%
Quelle est la caractéristique de la voix des Daft Punk ? Vocoder
75%
Son réalisateur a également réalisé ce dessin animé des années 80 Albator
50%
Quel remix de Justice a été récompensé aux Grammy Awards en 2009 ? Electric Feel
50%
Nom du Daft Punk doré Guy-Manuel de Homem-Christo
50%
Le classique composé par Alan Braxe et Fred Falke Intro
50%
Nom du studio créé par un membre de Cassius Motorbass
50%
Nom d'une musique issu d'un mot latin qui inversé donne le nom d'un album. Veridis Quo
50%
Album Live de Justice Woman WorldWide
50%
Compresseur légendaire de la French Touch Alesis 3630
25%
Signification des chiffres à la fin du nom de ce dernier Secret Story of the Star System
25%
Aucun quiz correspondant
Distribution des résultats
% des personnes avec chaque résultat
Percentile par nombre de réponses
Votre historique - résultats
Vous n’avez pas pris ce quiz